000 01035cam a22002777a 4500
020 _a0632055111
020 _a9780632055111
082 0 4 _a624.25
_bCHA
_cL-19, P-35
100 1 _aChatterjee, Sukhen.
_943366
245 1 4 _aThe design of modern steel bridges /
_cSukhen Chatterjee.
250 _a1st ed.
260 _aOxford ;
_aMalden, Mass. :
_bBlackwell Science,
_cc1991.
300 _avi, 185 p. :
_bill. ;
_c25 cm.
500 _aPrevious ed.: Oxford: BSP Professional, 1991.
526 _a0
_b0
_c0
_d624_250000000000000_CHA
526 _a0
_b0
_c0
_d624_250000000000000_CHA
526 _a0
_b0
_c0
_d624_250000000000000_CHA
526 _a0
_b0
_c0
_d624_250000000000000_CHA
526 _a0
_b0
_c0
_d624_250000000000000_CHA
526 _a0
_b0
_c0
_d624_250000000000000_CHA
650 0 _aIron and steel bridges
_xDesign and construction.
_922830
650 0 _aMCE
_9379
856 4 1 _uhttp://www.loc.gov/catdir/toc/fy0714/2007277404.html
856 4 2 _uhttp://www.loc.gov/catdir/enhancements/fy0827/2007277404-d.html
942 _2ddc
_cBK
999 _c547189
_d547189